LIBRARY & INFORMATION CENTRE, KCAET, TAVANUR

ONLINE PUBLIC ACCESS CATALOGUE (OPAC)

Elements of Workshop Technology (Record no. 19005)

MARC details
000 -LEADER
fixed length control field 00454nam a22001697a 4500
003 - CONTROL NUMBER IDENTIFIER
control field OSt
008 - FIXED-LENGTH DATA ELEMENTS--GENERAL INFORMATION
fixed length control field 250110b |||||||| |||| 00| 0 eng d
041 ## - LANGUAGE CODE
Language code of text/sound track or separate title eng
082 ## - DEWEY DECIMAL CLASSIFICATION NUMBER
Classification number 621.9 HAJ/EL
100 ## - MAIN ENTRY--AUTHOR NAME
Personal name Hajra Choudhury, SK
245 ## - TITLE STATEMENT
Title Elements of Workshop Technology
250 ## - EDITION STATEMENT
Edition statement 7th ed
260 ## - PUBLICATION, DISTRIBUTION, ETC. (IMPRINT)
Place of publication Bombay:
Name of publisher Media Promoters & Publishers Pvt Ltd,
Year of publication 1967.
300 ## - PHYSICAL DESCRIPTION
Number of Pages 648p.
700 ## - ADDED ENTRY--PERSONAL NAME
Personal name Bose, SK and Hajra Choudhuri, AK
942 ## - ADDED ENTRY ELEMENTS (KOHA)
Koha item type Books
Holdings
Withdrawn status Lost status Damaged status Home library Current library Date acquired Cost, normal purchase price Full call number Accession Number Koha item type Source of acquisition
Withdrawn     KAUAET KAUAET 10/01/2025 38.00 621.9 HAJ/EL 14773 Books  
      KAUAET KAUAET 10/01/2025   621.9 HAJ/EL   Books M/S Minerva Book Stall, Thrissur
free website counter